Escribir ficcción /
Αποθηκεύτηκε σε:
| Κύριος συγγραφέας: | |
|---|---|
| Μορφή: | Βιβλίο |
| Γλώσσα: | Ισπανικά |
| Έκδοση: |
Barcelona, España :
Paidós,
2003, c2003
|
| Σειρά: | (Manuales de Escritura ;
2) |
| Θέματα: | |
| Ετικέτες: |
Δεν υπάρχουν, Καταχωρήστε ετικέτα πρώτοι!
|
MARC
| LEADER | 00000nam^a2200000^a^4500 | ||
|---|---|---|---|
| 001 | 000156656 | ||
| 005 | 20250521000000.0 | ||
| 009 | 20260310100511.528 | ||
| 020 | |a 84-493-1406-2 | ||
| 037 | |a Acervo ITESO - Biblioteca | ||
| 041 | |a ESP | ||
| 082 | |a 808. 3 |b RAN | ||
| 100 | |a Randall, Rona |e (autor) | ||
| 245 | 1 | 0 | |a Escribir ficcción / |c R. Randall ; tr. por Ramón González Férriz. |
| 264 | 4 | |a Barcelona, España : |b Paidós, |c 2003, c2003 | |
| 300 | |a 235 p. | ||
| 336 | |a texto |b txt |2 rdacontenido | ||
| 337 | |a sin mediación |b n |2 rdamedio | ||
| 338 | |a volumen |b nc |2 rdasoporte | ||
| 440 | 1 | |a (Manuales de Escritura ; |v 2) | |
| 500 | |a Traducción de: Writing Popular Fiction | ||
| 649 | |a XX | ||
| 650 | |a Narración (Retórica) - |x Metodología | ||
| 650 | |a Cuentos - |x Teoría | ||
| 650 | |a Novela - |x Teoría | ||
| 650 | |a Estilo Literario | ||
| 650 | |a Creatividad | ||
| 650 | |a Comunicación Escrita | ||
| 650 | |a Retórica | ||
| 650 | |a Literatura | ||
| 910 | |a Fondo General | ||
| 920 | |a Impresos - Libros | ||
| 930 | |a Colección General | ||
| 940 | |a Literatura | ||
| 905 | |a 101 | ||
| 901 | |a 0500085192 |b IT1 |c LIT |u 20250521 | ||
| 902 | |a https://opac.biblio.iteso.mx/vufind/Record/000156656 | ||